Vincitori Supercoppa di Francia - Statistics

Statistiche generali
  • Questo quiz è stato fatto 116 volte
    32 dall'ultimo reset
  • Il punteggio medio è 39 su 50
Statistiche sulle risposte
Edizioni Vincitori % Corretto
1995 Paris Saint-Germain
100%
1998 Paris Saint-Germain
100%
2013 Paris Saint-Germain
100%
2014 Paris Saint-Germain
100%
2015 Paris Saint-Germain
100%
2016 Paris Saint-Germain
100%
2017 Paris Saint-Germain
100%
2018 Paris Saint-Germain
100%
2019 Paris Saint-Germain
100%
2020 Paris Saint-Germain
100%
2022 Paris Saint-Germain
100%
2023 Paris Saint-Germain
100%
2024 Paris Saint-Germain
100%
2025 Paris Saint-Germain
100%
1973 Olympique Lione
96%
2002 Olympique Lione
96%
2003 Olympique Lione
96%
2004 Olympique Lione
96%
2005 Olympique Lione
96%
2006 Olympique Lione
96%
2007 Olympique Lione
96%
2012 Olympique Lione
96%
1971 Olympique Marsiglia
92%
2010 Olympique Marsiglia
92%
2011 Olympique Marsiglia
92%
2021 Lilla
88%
1986 Bordeaux
77%
2008 Bordeaux
77%
2009 Bordeaux
77%
1961 Monaco
77%
1985 Monaco
77%
1997 Monaco
77%
2000 Monaco
77%
1970 Nizza
73%
1971 Rennes
73%
1957 Saint-Étienne
73%
1962 Saint-Étienne
73%
1967 Saint-Étienne
73%
1968 Saint-Étienne
73%
1969 Saint-Étienne
73%
1965 Nantes
65%
1999 Nantes
65%
2001 Nantes
65%
1959 Le Havre
19%
1955 Stade Reims
19%
1958 Stade Reims
19%
1960 Stade Reims
19%
1966 Stade Reims
19%
1972 Bastia
12%
1956 Sedan-Torcy
4%
Nessun quiz corrispondente trovato
Distribuzione punteggi
Percentuale di utenti per punteggio
Percentile per numero di risposta
I tuoi punteggi nel tempo
Non hai fatto questo quiz dall'ultimo reset